000 00726nam a2200253Ia 4500
003 OSt
005 20220927105512.0
006 a|||||r|||| 00| 0
007 ta
008 220926b |||||||| |||| 00| 0 eng d
024 _a173540
037 _cReference Collections
040 _aRTL
_cRTL
_beng
041 _2eng
_aeng
082 _a"V2,31p.N79, L9.109-8"
110 _a"INDIA, RAJYA SABHA"
_9372970
245 0 _aRajya Sabha
_b Official report.
260 _aNew
_bDelhi Rajya sabha Secretariat India
_c1979
300 _a238p.
_ccm.
490 _v"V.109, No.8"
700 _a"INDIA, RAJYA SABHA"
_9372971
942 _h"V2,31p.N79, L9.109-8"
_cCC
999 _c692853
_d692853